Thermomechanics of elastoplastic deformation (Record no. 598004)
[ view plain ]
| 000 -LEADER | |
|---|---|
| fixed length control field | 00300nam a2200109Ia 4500 |
| 008 - FIXED-LENGTH DATA ELEMENTS--GENERAL INFORMATION | |
| fixed length control field | 230907s9999||||xx |||||||||||||| ||und|| |
| 082 ## - DEWEY DECIMAL CLASSIFICATION NUMBER | |
| Classification number | 620.11232,MAR |
| 100 ## - MAIN ENTRY--PERSONAL NAME | |
| Personal name | Markin,A.A. |
| 9 (RLIN) | 115280 |
| 245 #0 - TITLE STATEMENT | |
| Title | Thermomechanics of elastoplastic deformation |
| 260 ## - PUBLICATION, DISTRIBUTION, ETC. | |
| Place of publication, distribution, etc. | Viva Books |
| Name of publisher, distributor, etc. | New Delhi |
| Date of publication, distribution, etc. | 2016 |
| 942 ## - ADDED ENTRY ELEMENTS (KOHA) | |
| Koha item type | Book |
| Withdrawn status | Lost status | Damaged status | Not for loan | Permanent Location | Current Location | Date acquired | Total Checkouts | Full call number | Barcode | Date last seen | Price effective from | Koha item type |
|---|---|---|---|---|---|---|---|---|---|---|---|---|
| US-Pakistan Center for Advanced Studies in Energy (USPCAS-E) | US-Pakistan Center for Advanced Studies in Energy (USPCAS-E) | 05/25/2018 | 620.11232,MAR | CAS-E0002103 | 09/12/2023 | 09/12/2023 | Book |
